| 000 | 00459nam a2200181Ia 4500 | ||
|---|---|---|---|
| 001 | 23874 | ||
| 005 | 20260414151006.0 | ||
| 008 | 260414t2010||||xx |||||||||||||| ||spa|| | ||
| 041 | _aESP | ||
| 082 |
_a720.284 _bJ54 |
||
| 100 |
_aJiménez Catalán, Javier _eAUT |
||
| 245 | 0 |
_aDibujo a mano alzada para diseñadores de interiores _b |
|
| 260 | _c2010 | ||
| 300 |
_a191 páginas : _c30 cm. |
||
| 650 | _aABD | ||
| 654 | _aCAU | ||
| 942 |
_cLIB _dJUS _fJUS _2ddc _n |
||
| 999 |
_c23874 _d23874 |
||